00498nam a22001577a 4500020001800000041001200018082001900030100001900049245002300068260005300091300000800144650003300152942000700185952013100192999001700323 a978 31299 7 X aEnglish a305.608097 MOS aMoshay, G.J.O. aWho is this Allah? aGreat BritainbJijor Ho Publishing Companyc1990 a118 aIslam-Christianity Relations cBK 00104070aHMIbHMIcGENd2018-05-09eDirectorg100.00l1m1o305.608097 MOSp11-3653r2022-12-09s2022-09-28w2018-05-09yBK c21005d21005